书目信息 |
| 题名: |
中国语言学
|
|
| 作者: | 郭锡良 , 鲁国尧 主编 | |
| 分册: | 第三辑 | |
| 出版信息: | 北京 北京大学出版社 2009.12 |
|
| 页数: | 246页 | |
| 开本: | 26cm | |
| 丛书名: | ||
| 单 册: | ||
| 中图分类: | H0-55 | |
| 科图分类: | ||
| 主题词: | 语言学--yu yan xue--丛刊 | |
| 电子资源: | ||
| ISBN: | 978-7-301-16458-7 | |
| 000 | 00920nam0 2200241 450 | |
| 001 | 012010315160 | |
| 005 | 20100412092645.23 | |
| 010 | @a978-7-301-16458-7@dCNY35.00 | |
| 100 | @a20100407d2009 em y0chiy0120 ea | |
| 101 | 0 | @achi |
| 102 | @aCN@b110000 | |
| 105 | @aah z 000yy | |
| 106 | @ar | |
| 200 | 1 | @a中国语言学@Azhong guo yu yan xue@h第三辑@f郭锡良, 鲁国尧主编@Fguo xi liang,lu guo yao zhu bian |
| 210 | @a北京@c北京大学出版社@d2009.12 | |
| 215 | @a246页@c图, 摹真@d26cm | |
| 330 | @a本书收录关于中国语言学的学术论文,包括《藏文的语言文字学基础》、《上古音“也”字归部简论》、《音变规律与音变过程散论》、《榆中方言的数字谚语》、《二声调红古话音系研究》、《文本蕴涵的类型层级和推理机制》等。 | |
| 606 | 0 | @a语言学@Ayu yan xue@j丛刊 |
| 690 | @aH0-55@v4 | |
| 701 | 0 | @a郭锡良@Aguo xi liang@4主编 |
| 701 | 0 | @a鲁国尧@Alu guo yao@4主编 |
| 801 | 0 | @aCN@bQSSK@c20100412 |
| 905 | @b775842-44@dH0-55@eG853:3@f3 | |
| 中国语言学.第三辑/郭锡良, 鲁国尧主编.-北京:北京大学出版社,2009.12 |
| 246页:图, 摹真;26cm |
| ISBN 978-7-301-16458-7:CNY35.00 |
| 本书收录关于中国语言学的学术论文,包括《藏文的语言文字学基础》、《上古音“也”字归部简论》、《音变规律与音变过程散论》、《榆中方言的数字谚语》、《二声调红古话音系研究》、《文本蕴涵的类型层级和推理机制》等。 |
| ● |
| 相关链接 |
|
|
|
正题名:中国语言学
索取号:H0-55/G853:3
 
预约/预借
| 序号 | 登录号 | 条形码 | 馆藏地/架位号 | 状态 | 备注 |
| 1 | 775842 | 207758425 | 语言库209/209语言库 62排3列4层/ [索取号:H0-55/G853:3] | 在馆 | |
| 2 | 775843 | 207758434 | 语言库209/209语言库 62排3列4层/ [索取号:H0-55/G853:3] | 在馆 | |
| 3 | 775844 | 207758443 | 语言库209/209语言库 62排3列4层/ [索取号:H0-55/G853:3] | 在馆 |